[Event "ROM-ch"]
[Site "Olanesti"]
[Date "2018.05.22"]
[Round "9"]
[White "Rauca, Horatiu Augustin"]
[Black "Farcadi, Hunor"]
[Result "0-1"]
[WhiteElo "1897"]
[BlackElo "1959"]
[PlyCount "83"]
[EventDate "2018.05.14"]
[EventType "swiss"]
[EventRounds "9"]
[EventCountry "ROU"]
[SourceTitle "CBM 184 Extra"]
[Source "ChessBase"]
[SourceDate "2018.06.28"]
[SourceVersion "1"]
[SourceVersionDate "2018.06.28"]
[SourceQuality "1"]

1. e4 c5 2. Nf3 Nc6 3. Nc3 e5 4. Bc4 d6 5. d3 Be7 6. Be3 Nf6 7. h3 0-0 8. Qd2 Nd4 9. 0-0-0 Bd7 10. Nd5 b5 11. Nxf6+ Bxf6 12. Bd5 Rb8 13. c3 Ne6 14. g4 a5 15. g5 Be7 16. Rdg1 Nc7 17. c4 Nxd5 18. cxd5 Qc8 19. Rh2 Qa6 20. Qe2 Rfc8 21. Kb1 a4 22. Nd2 a3 23. b3 c4 24. Rc1 cxb3 25. Nxb3 Rxc1+ 26. Nxc1 b4 27. Qd1 Ba4 28. Nb3 Bb5 29. Nc1 Bd8 30. f4 Bb6 31. Bxb6 Qxb6 32. fxe5 dxe5 33. Qb3 Qd4 34. Rc2 g6 35. Rc7 Rf8 36. Rb7 Rc8 37. Rxb5 Qg1 38. Qc4 Rxc4 39. dxc4 Qe1 40. Kc2 Qc3+ 41. Kd1 Qd4+ 42. Ke1 0-1

[Event "ROM-ch U16"]
[Site "Calimanesti"]
[Date "2018.03.29"]
[Round "3"]
[White "Gheorghiu, Alexandru Dan"]
[Black "Farcadi, Hunor"]
[Result "0-1"]
[WhiteElo "1779"]
[BlackElo "2016"]
[PlyCount "104"]
[EventDate "2018.03.27"]
[EventType "swiss"]
[EventRounds "9"]
[EventCountry "ROU"]
[SourceTitle "CBM 183 Extra"]
[Source "ChessBase"]
[SourceDate "2018.04.19"]
[SourceVersion "1"]
[SourceVersionDate "2018.04.19"]
[SourceQuality "1"]

1. e4 c5 2. c3 Nf6 3. e5 Nd5 4. d4 cxd4 5. Nf3 Nc6 6. cxd4 d6 7. Bc4 Nb6 8. Bb3 dxe5 9. d5 Na5 10. Nc3 Nxb3 11. Qxb3 e6 12. Nxe5 exd5 13. Be3 Bd6 14. Qb5+ Kf8 15. Nf3 Bd7 16. Qb3 Be6 17. Bd4 h5 18. h4 Rh6 19. Ng5 Kg8 20. 0-0 Bf4 21. Rad1 Rg6 22. Bxb6 Qxb6 23. Nxd5 Bxd5 24. Qxd5 Bxg5 25. hxg5 Re8 26. Rfe1 Rge6 27. Rxe6 Rxe6 28. g6 Rxg6 29. Qd8+ Qxd8 30. Rxd8+ Kh7 31. Rd7 Rb6 32. b3 Kg6 33. f3 Kf6 34. Kf2 Ke6 35. Rc7 h4 36. Ke3 Ra6 37. a4 Rb6 38. Rc3 Rc6 39. Rd3 Rc2 40. Rd4 g5 41. Rg4 Kf5 42. Kd3 Rc1 43. Rb4 Rg1 44. Rxb7 Rxg2 45. Rxf7+ Kg6 46. Rxa7 h3 47. Ra8 Kf5 48. Rf8+ Ke5 49. Rh8 h2 50. b4 Kf4 51. Rh3 g4 52. fxg4 Rg3+ 0-1

[Event "EU-ch U16 27th"]
[Site "Mamaia"]
[Date "2017.09.05"]
[Round "1"]
[White "Farcadi, Hunor"]
[Black "Ewert, Hannes"]
[Result "0-1"]
[WhiteElo "1944"]
[BlackElo "2261"]
[PlyCount "98"]
[EventDate "2017.09.05"]
[EventType "swiss"]
[EventRounds "9"]
[EventCountry "ROU"]
[SourceTitle "CBM 180 Extra"]
[Source "ChessBase"]
[SourceDate "2017.10.06"]
[SourceVersion "1"]
[SourceVersionDate "2017.10.06"]
[SourceQuality "1"]

1. e4 e5 2. Nf3 Nc6 3. Nc3 Nf6 4. a3 g6 5. d4 exd4 6. Nxd4 Bg7 7. Nb3 0-0 8. Be2 Re8 9. f3 Nh5 10. Be3 f5 11. Qd2 fxe4 12. fxe4 d6 13. 0-0-0 Nf6 14. Bg5 Be6 15. Rhf1 Rf8 16. h4 Qc8 17. Bxf6 Bxf6 18. Nd5 Qd8 19. Nxf6+ Rxf6 20. h5 Ne5 21. hxg6 Rxg6 22. Nd4 Qe7 23. Bh5 Rg7 24. Qh6 Bd7 25. Rf6 Rf8 26. Rdf1 Rxf6 27. Rxf6 Ng6 28. Qg5 Qe5 29. Qxe5 Nxe5 30. Nf5 Bxf5 31. exf5 Rg5 32. Bf3 Nxf3 33. gxf3 Kg7 34. Re6 Rxf5 35. Re3 h5 36. Kd2 Kf6 37. Rb3 b6 38. Ke3 Rc5 39. c3 Rc4 40. Rb5 c5 41. Kd3 Rf4 42. Ke3 Ke5 43. b4 h4 44. bxc5 dxc5 45. Rb1 Ra4 46. Ra1 b5 47. Rh1 Rxa3 48. f4+ Kf5 49. Rxh4 Rxc3+ 0-1

[Event "ROM-ch U16"]
[Site "Baile Felix"]
[Date "2017.02.03"]
[Round "2"]
[White "Panc, Samuel"]
[Black "Farcadi, Hunor"]
[Result "0-1"]
[WhiteElo "1542"]
[BlackElo "1838"]
[PlyCount "132"]
[EventDate "2017.02.02"]
[EventType "swiss"]
[EventRounds "9"]
[EventCountry "ROU"]
[SourceTitle "CBM 176 Extra"]
[Source "ChessBase"]
[SourceDate "2017.03.02"]
[SourceVersion "1"]
[SourceVersionDate "2017.03.02"]
[SourceQuality "1"]

1. e4 e5 2. Nf3 Nc6 3. Bb5 a6 4. Ba4 Nf6 5. Qe2 d6 6. c3 Be7 7. d3 0-0 8. 0-0 h6 9. Nbd2 Nh7 10. Rd1 f5 11. d4 fxe4 12. Nxe4 Bg4 13. Bb3+ Kh8 14. Nh4 Bxh4 15. Qxg4 exd4 16. cxd4 Be7 17. Bc2 d5 18. Ng3 Nf6 19. Qg6 Qe8 20. Qxe8 Raxe8 21. Bg6 Rd8 22. f3 Nd7 23. Bf5 Bf6 24. Be3 Nb6 25. b3 a5 26. Bg6 a4 27. Nf5 Ra8 28. Bf2 Ra6 29. Re1 Rfa8 30. Re2 axb3 31. Rae1 Rf8 32. Re8 Ra8 33. Rxf8+ Rxf8 34. axb3 Nc8 35. Be8 N8e7 36. Bd7 Nxf5 37. Bxf5 Bxd4 38. Bxd4 Nxd4 39. Bb1 Nc6 40. Bg6 Rd8 41. Kf2 d4 42. Ke2 Ne5 43. Be4 b6 44. Kd2 g5 45. Bb7 Ng6 46. Kd3 Nf4+ 47. Kd2 Rd7 48. g3 Ng6 49. Kd3 c5 50. Bc6 Rd6 51. Bb5 Kg7 52. Re4 Kf6 53. Kd2 Rd8 54. Bc4 Ne5 55. f4 Nxc4+ 56. bxc4 Ra8 57. fxg5+ hxg5 58. h4 Ra2+ 59. Kd1 gxh4 60. Rxh4 Kg5 61. Rh8 Kg4 62. Rb8 Rb2 63. Kc1 Rb4 64. Rg8+ Kf5 65. g4+ Kf6 66. g5+ Kf7 0-1

[Event "Budapest Gyorgy Memorial 1st"]
[Site "Budapest"]
[Date "2016.11.13"]
[Round "7.4"]
[White "Farcadi, Hunor"]
[Black "Palczert, Botond"]
[Result "1/2-1/2"]
[WhiteElo "1849"]
[BlackElo "1693"]
[PlyCount "89"]
[EventDate "2016.11.10"]
[EventType "swiss"]
[EventRounds "7"]
[EventCountry "HUN"]
[SourceTitle "EXT 2018"]
[Source "ChessBase"]
[SourceDate "2017.10.13"]
[SourceVersion "1"]
[SourceVersionDate "2017.10.13"]
[SourceQuality "1"]

1. e4 c5 2. Nc3 g6 3. g3 Bg7 4. Bg2 Nc6 5. d3 d6 6. Be3 e6 7. f4 Nge7 8. Qd2 0-0 9. Nf3 Nd4 10. 0-0 Rb8 11. Rae1 b5 12. Nd1 Bb7 13. Nh4 Ndc6 14. f5 exf5 15. exf5 f6 16. fxg6 hxg6 17. Be4 Ne5 18. Bxb7 Rxb7 19. Kh1 Qc7 20. Qg2 Qc6 21. d4 Qxg2+ 22. Kxg2 Ng4 23. Bg1 c4 24. Re6 g5 25. Rfe1 Kf7 26. Nf3 Rd8 27. a3 Nd5 28. Nc3 Nxc3 29. bxc3 d5 30. R6e2 Nh6 31. Rb1 Re8 32. Rxe8 Kxe8 33. a4 a6 34. axb5 Rxb5 35. Rxb5 axb5 36. h4 gxh4 37. Nxh4 Kf7 38. Kf3 f5 39. Kf4 Kf6 40. Ng2 Ng8 41. Be3 Ne7 42. Kf3 Ng6 43. Bf4 Ke6 44. Bg5 Bf8 45. Nf4+ 1/2-1/2

[Event "Budapest Gyorgy Memorial 1st"]
[Site "Budapest"]
[Date "2016.11.11"]
[Round "3.5"]
[White "Demjen, Mark"]
[Black "Farcadi, Hunor"]
[Result "0-1"]
[WhiteElo "1738"]
[BlackElo "1849"]
[PlyCount "56"]
[EventDate "2016.11.10"]
[EventType "swiss"]
[EventRounds "7"]
[EventCountry "HUN"]
[SourceTitle "EXT 2018"]
[Source "ChessBase"]
[SourceDate "2017.10.13"]
[SourceVersion "1"]
[SourceVersionDate "2017.10.13"]
[SourceQuality "1"]

1. e4 e5 2. Nf3 Nc6 3. Bb5 a6 4. Ba4 Nf6 5. 0-0 d6 6. c3 Be7 7. Re1 0-0 8. h3 Nd7 9. d4 b5 10. Bb3 Rb8 11. Nbd2 Kh8 12. Nf1 Na5 13. Bc2 c5 14. b3 b4 15. dxe5 dxe5 16. c4 Nc6 17. Ne3 Nd4 18. Nf5 f6 19. N3xd4 cxd4 20. f4 Nc5 21. Nh4 Kg8 22. f5 Bb7 23. Qg4 d3 24. Bh6 Rf7 25. Re3 dxc2 26. Rg3 Bf8 27. Ng6 Bxe4 28. Nxf8 Qxf8 0-1

[Event "ROM-ch U14"]
[Site "Calimanesti Caciulata"]
[Date "2016.04.22"]
[Round "6"]
[White "Bulau, Andrei Cristian"]
[Black "Farcadi, Hunor"]
[Result "1-0"]
[WhiteElo "1847"]
[BlackElo "1716"]
[PlyCount "111"]
[EventDate "2016.04.18"]
[EventType "swiss"]
[EventRounds "9"]
[EventCountry "ROU"]
[SourceTitle "CBM 172 Extra"]
[Source "ChessBase"]
[SourceDate "2016.06.21"]
[SourceVersion "1"]
[SourceVersionDate "2016.06.21"]
[SourceQuality "1"]

1. d4 Nf6 2. Nf3 g6 3. c4 Bg7 4. g3 d6 5. Bg2 0-0 6. 0-0 c6 7. Nc3 Nbd7 8. e4 e5 9. Rb1 exd4 10. Nxd4 Nb6 11. b3 Re8 12. Ba3 Be6 13. Nde2 Nc8 14. h3 Qd7 15. Kh2 h5 16. f4 a6 17. Qc2 b5 18. f5 bxc4 19. fxe6 Qxe6 20. bxc4 Qxc4 21. Qb3 Qxb3 22. Rxb3 Ra7 23. e5 Rxe5 24. Rb8 Re8 25. Bxc6 Nd7 26. Bxd7 Rxd7 27. Rd1 Rde7 28. Rd3 Rxe2+ 29. Nxe2 Rxe2+ 30. Kh1 Re8 31. Rd2 Rf8 32. Rc2 Ne7 33. Rxf8+ Kxf8 34. Bxd6 Ke8 35. Bxe7 Kxe7 36. Rc7+ Ke6 37. Ra7 Be5 38. Rxa6+ Kd5 39. Kg2 f6 40. Rb6 Kc5 41. Rb1 Kd5 42. a4 Bc7 43. a5 Kc6 44. a6 Bb6 45. Kf3 Kc5 46. Ke4 Kc6 47. Rxb6+ Kxb6 48. Kd5 Kxa6 49. Ke6 f5 50. h4 g5 51. Kxf5 gxh4 52. gxh4 Kb5 53. Kg5 Kc6 54. Kxh5 Kd7 55. Kg6 Ke8 56. Kg7 1-0

[Event "ROM-ch U14"]
[Site "Calimanesti Caciulata"]
[Date "2016.04.19"]
[Round "2"]
[White "Coman, Mihnea George"]
[Black "Farcadi, Hunor"]
[Result "1-0"]
[WhiteElo "1862"]
[BlackElo "1716"]
[PlyCount "55"]
[EventDate "2016.04.18"]
[EventType "swiss"]
[EventRounds "9"]
[EventCountry "ROU"]
[SourceTitle "CBM 172 Extra"]
[Source "ChessBase"]
[SourceDate "2016.06.21"]
[SourceVersion "1"]
[SourceVersionDate "2016.06.21"]
[SourceQuality "1"]

1. e4 e5 2. Nf3 Nc6 3. d4 exd4 4. Nxd4 Bc5 5. Be3 Qf6 6. c3 Nge7 7. Bc4 0-0 8. 0-0 b6 9. Nc2 d6 10. Nd2 Bb7 11. f4 Bxe3+ 12. Nxe3 Bc8 13. Nd5 Nxd5 14. Bxd5 Bb7 15. Nc4 Nd8 16. Ne3 Qe7 17. Nf5 Qf6 18. Rf3 Bxd5 19. Qxd5 Ne6 20. Ng3 Rae8 21. Re1 Qh6 22. Nf5 Qf6 23. Ng3 Qh6 24. Nh5 g5 25. Rh3 gxf4 26. Qf5 f6 27. Nxf4 Qg5 28. Qxh7# 1-0

[Event "ROM-ch U14"]
[Site "Calimanesti"]
[Date "2015.03.30"]
[Round "1"]
[White "Dorobantu, Andrei Ovidiu"]
[Black "Farcadi, Hunor"]
[Result "0-1"]
[WhiteElo "1001"]
[BlackElo "1621"]
[PlyCount "40"]
[EventDate "2015.03.30"]
[EventType "swiss"]
[EventRounds "9"]
[EventCountry "ROU"]
[SourceTitle "CBM 165 Extra"]
[Source "ChessBase"]
[SourceDate "2015.04.21"]
[SourceVersion "1"]
[SourceVersionDate "2015.04.21"]
[SourceQuality "1"]

1. e4 e5 2. Nf3 Nc6 3. d4 exd4 4. Nxd4 Bc5 5. Nb3 Bb6 6. Bb5 Qf6 7. f3 Nge7 8. c3 0-0 9. Qe2 Ng6 10. Bxc6 dxc6 11. Qd2 Rd8 12. Qg5 Qd6 13. N1d2 Be6 14. Nd4 Bxd4 15. cxd4 Qxd4 16. Qg3 Ne5 17. Kf1 Bc4+ 18. Nxc4 Qxc4+ 19. Kf2 Qc2+ 20. Ke3 Ng6 0-1